| 000 | 00934nam a22002657a 4500 | ||
|---|---|---|---|
| 999 |
_c5042 _d5042 |
||
| 003 | AR-CdUCM | ||
| 008 | 190311b ||||| |||| 00| 0 spa d | ||
| 040 |
_aMUNICIPALIDAD PROVINCIAL DEL CUSCO _cBIBLIOTECA MUNICIPAL DEL CUSCO |
||
| 082 |
_a230 / _bR25 |
||
| 100 |
_aRatzinger, Joseph _915403 |
||
| 245 | _aIglesia teológica política / | ||
| 260 |
_aChile : _bCESOC, _c1984. |
||
| 300 |
_a209 páginas ; _bimágenes. _c26 cm. |
||
| 505 | _aIglesia chilena compromiso con la democracia -- Documento de la conferencia episcopal Chilena -- Políticos analizan documento episcopal... | ||
| 650 |
_aReligión. _91195 |
||
| 650 |
_aConferencia episcopal. _915404 |
||
| 650 |
_aChile. _91150 |
||
| 650 |
_aPolítica religiosa. _915405 |
||
| 700 |
_aSilva Henriquez, Raul _915406 |
||
| 700 |
_aSilva Solar, Julio _915407 |
||
| 700 |
_aBoye, Otto _915408 |
||
| 700 |
_aGutierrez, Gustavo. _93171 |
||
| 942 |
_2ddc _cLIBROS |
||
| 945 | _awfj | ||